[Event "IECG CP.2008.P.00012 email"]
[Site "IECG email"]
[Date "2008.10.01"]
[Round "?"]
[White "Thigpen, Calvin"]
[Black "Lewis, Matt"]
[Result "0-1"]
[WhiteElo "800"]
[BlackElo "1828"]
[PlyCount "50"]
[EventDate "2008.10.01"]
[EventType "tourn (corr)"]
[EventRounds "6"]
[EventCountry "ARG"]
[SourceTitle "Corr 2024"]
[Source "ChessBase"]
[SourceDate "2023.10.19"]
[SourceVersion "1"]
[SourceVersionDate "2023.10.19"]
[SourceQuality "1"]

1. e4 e5 2. Nf3 Nc6 3. Bc4 Nf6 4. d4 exd4 5. e5 Ng4 6. Qe2 Qe7 7. Bf4 f6 8. exf6 gxf6 9. 0-0 Qxe2 10. Bxe2 Nge5 11. Nbd2 d5 12. Nb3 Bg4 13. Nfxd4 Bxe2 14. Nxe2 0-0-0 15. Nbd4 Re8 16. Rfe1 Nxd4 17. Nxd4 Bb4 18. c3 Nd3 19. Rxe8+ Rxe8 20. cxb4 Nxf4 21. Rc1 Re4 22. Rd1 Rxd4 23. Rxd4 Ne2+ 24. Kf1 Nxd4 25. a3 Kd7 0-1